000 00535nam a22001817a 4500
999 _c159163
_d159163
005 20181206154654.0
010 _aB-229196
020 _a8122309267
_c120.00
035 _aB-229196
037 _bPustak Mahal
082 _a650.1
100 _aFritz, Roger
245 _a100 ways to bring out your best:
_bnever underestimate yourself/
_cby Roger Fritz
260 _aNew Delhi
_bPustak Mahal
_c2003
300 _a150p.
_c24cm(Pbk.)
942 _2ddc
_cEN
_h650.1
_mFRI